000
00306nam a22001337a 4500
082
_a
894.812.3
_b
PUN/M
100
_a
PUNNAYUR, NASEEM
245
_a
MANUKKATTILE SANKEERTHANANANGAL
260
_a
GURUVAYOOR
_b
PREEKSHA PUBLICATIONS
_c
2016
300
_a
124
520
_a
NOVEL
650
_a
NOVEL
942
_c
BK
999
_c
5526
_d
5526